Bản sắc Văn hóa Việt Nam trong tiến trình toàn cầu hóa hiện nay /

Salvato in:
Dettagli Bibliografici
Autore principale: Mai Văn Hai. PGS.TS.
Natura: Articolo
Lingua:Vietnamese
Soggetti:
Tags: Aggiungi Tag
Nessun Tag, puoi essere il primo ad aggiungerne! !
Thư viện lưu trữ: Thư viện Trường Đại học Đà Lạt
LEADER 00761nam a2200253 4500
001 DLU140163597
005 ##20140829
040 # # |a DLU  |b vie 
041 # # |a vie 
044 # # |a vn 
100 # # |a Mai Văn Hai.   |c PGS.TS. 
245 # # |a Bản sắc Văn hóa Việt Nam trong tiến trình toàn cầu hóa hiện nay /  |c Mai Văn Hai. 
653 # # |a Bản sắc Văn hóa 
653 # # |a Văn hóa xã hội 
773 # # |t Tạp chí Xã hội học  |g Số 3(123), 2013, tr.15-23 
920 # # |a Phòng Tạp chí -- Trung tâm Thông tin - Thư viện Trường Đại học Đà Lạt 
994 # # |a DLU 
900 # # |a True 
911 # # |a Trần Thị Minh Hương 
925 # # |a G 
926 # # |a A 
927 # # |a BB 
980 # # |a Thư viện Trường Đại học Đà Lạt